Responses for Show #6877 - Tuesday, July 8, 2014

Contestants

[<< previous game]

Campbell Warner, a military attorney originally from Rock Hill, South Carolina

Maire Kennedy, an adventure specialist from Santa Rosa, California

Justin Nigro, a coalition director originally from Ashtabula, Ohio (whose 1-day cash winnings total $5,599)

[next game >>]

Jeopardy! Round responses

2 TERMS MAKE A NEW BAND NAME
POLITICS
SHAKESPEAREAN ACTORS
GOOD TRY!
FATHERLY NICKNAMES
CONSONANT-FREE STATE CAPITALS
(Alex: You have to add the consonants in order to come up with the correct response.)
    $200 3
Rodeo Funeral

Campbell
    $200 8
Nancy Pelosi

Maire
    $200 9
Anne Hathaway

Maire
    $200 20
Notre Dame

Campbell
    $200 14
the fountain pen

Maire
    $200 1
Tallahassee

Triple Stumper
    $400 4
Recession Pawn

Campbell
    $400 19
left-wing & right-wing

Campbell
    $400 10
Cleopatra

Campbell
    $400 21
the Soviet Union

Campbell
    $400 15
Hippocrates

Campbell
    $400 2
Boise

Maire
    $600 5
Felony Horizon

Maire
    $600 18
swing voters

Justin
    $600 11
Kenneth Branagh

Maire
    $600 22
the San Francisco 49ers

Campbell
    $600 29
(Alex: The author of The Compleat Angler, [*].)

Izaak Walton

Triple Stumper
    $600 25
Indianapolis

Justin
    $800 6
Puppy Pariah

Justin
    $800 17
partisanship

Campbell
    $800 12
Michael Redgrave

Maire
    $800 23
Jimmie Johnson

Campbell
    $2,000 27
(Frank W.) Woolworth

Maire
    $800 26
Baton Rouge

Maire
    $1000 7
Coma Muppets

Justin
    $1000 16
primary

Campbell
    $1000 13
Lynn Fontanne

Maire
    $1000 24
Baltimore

Campbell
    $1000 28
the Venerable Bede

Triple Stumper
    $1000 30
(Alex: Yeah, we tricked... well, we tried to trick you on that last clue.)

Honolulu

Justin

Scores at the first commercial break (after clue 15):

Justin Maire Campbell
$1,800 $4,000 $1,400

Scores at the end of the Jeopardy! Round:

Justin Maire Campbell
$4,000 $6,800 $6,600

Double Jeopardy! Round responses

LITERARY CLERGYMEN
SOME "BUT"s ABOUT IT
LOOKING FOR LOVE ON REALITY TV
OH, LOOK AT THE TIME
HERE'S YOUR HAT
MUST YOU BE GOING?
    $400 28
Pride and Prejudice

Campbell
    $400 1
a butterfly

Maire
    $400 8
Farrah Fawcett

Justin
    $400 23
Roaring

Maire
    $400 3
a sombrero

Justin
    $400 18
[Alex reads "Must you be going..." at the beginning of the clue, but it does not appear onscreen.]

Cannes

Campbell
    $3,000 10
(Maire: I don't know.)

The Exorcist

Maire
    $800 2
a panic button

Campbell
    $800 12
Bret Michaels

Campbell
    $800 24
the Jurassic

Campbell
    $800 7
beefeaters

Maire
    $800 19
Mongolia

Campbell
    $1200 11
The Thorn Birds

Maire
    $1200 4
a halibut

Campbell
    $1200 13
The Bachelorette

Campbell
    $1200 25
Reconstruction

Campbell
    $1200 9
a boater

Maire
    $1200 20
Crimea

Campbell
    $1600 29
Elmer Gantry

Triple Stumper
    $1,400 5
a rebuttal

Campbell
    $1600 14
a millionaire

Campbell
    $1600 26
Generation X

Maire
    $1600 16
matador (toreador accepted)

Maire
    $1600 21
Mogadishu

Campbell
    $2000 30
Frollo

Triple Stumper
    $2000 6
a buttress

Campbell
    $2000 15
(Maire: What is Lifetime?)

Oxygen

Maire
Triple Stumper
    $2000 27
the Gilded Age

Maire
    $2000 17
[Alex reads the clue with a German accent.]

a feather

Justin
    $2000 22
St. Maarten

Triple Stumper

Scores at the end of the Double Jeopardy! Round:

Justin Maire Campbell
$6,800 $11,000 $22,000
(lock-tie game)

[wagering suggestions for these scores]

Final Jeopardy! Round responses

SCIENCE WORDS
(Alex: [To Justin] We will accept that.)
JustinWhat is evolve?
$0
MaireWhat is Evolution?
$2,601
CampbellWhat is Evolution?
$0
evolution

Final scores:

Justin Maire Campbell
$6,800 $13,601 $22,000
3rd place: $1,000 2nd place: $2,000 New champion: $22,000

Game dynamics:

Coryat scores:

Justin Maire Campbell
$6,800 $12,800 $22,200
8 R,
0 W
18 R
(including 1 DD),
2 W
(including 1 DD)
26 R
(including 1 DD),
0 W

Combined Coryat: $41,800

[game clues] [game scores] [suggest correction]

Game tape date: 2014-03-18
The J! Archive is created by fans, for fans. Scraping, republication, monetization, and malicious use prohibited; this site may use cookies and collect identifying information. See terms. The Jeopardy! game show and all elements thereof, including but not limited to copyright and trademark thereto, are the property of Jeopardy Productions, Inc. and are protected under law. This website is not affiliated with, sponsored by, or operated by Jeopardy Productions, Inc. Join the discussion at JBoard.tv.